00525nam a2200145 a 450000100100000000500170001000800410002704000250006808200160009310000300010924500680013926000620020730000200026950000900028900003510720200930074117.0111025s1908 sp 000 0 spa d aDO-SdBNPbspacBNPHU axxxxbV335c1 aVásquez del Río, Juan13aEl chubasco :bentremés en prosa /cJuan Vásquez del Río. aMadrid :bR. Velasco imp., Marqués de Santa Ana,c1908. a16 p. ;c20 cm. aEstrenado con éxito en el Salón Regio de Madrid, la noche del 21 de mayo de 1908.